[Event "CRO-chT2 Center 22nd"]
[Site "Sisak"]
[Date "2013.10.13"]
[Round "10.4"]
[White "Buric, Zdenko"]
[Black "Vrban, Mladen"]
[Result "1/2-1/2"]
[WhiteElo "2159"]
[BlackElo "2344"]
[PlyCount "133"]
[EventDate "2013.04.14"]
[EventType "team-tourn"]
[EventRounds "11"]
[EventCountry "CRO"]
[SourceTitle "EXT 2016"]
[Source "ChessBase"]
[SourceDate "2015.10.08"]
[SourceVersion "1"]
[SourceVersionDate "2015.10.08"]
[SourceQuality "1"]

1. Nf3 d6 2. g3 e5 3. Bg2 f5 4. d3 Nf6 5. c4 Be7 6. Nc3 0-0 7. Bg5 h6 8. Bd2 c6 9. c5 d5 10. Nxe5 Bxc5 11. 0-0 Qe8 12. Nf3 Qh5 13. Qb3 Kh7 14. Rae1 Na6 15. Qc2 Kh8 16. a3 g5 17. Na4 Bd6 18. b4 f4 19. Bc3 Kg8 20. Qb2 Ne8 21. Be5 Bh3 22. Bxh3 Qxh3 23. gxf4 Rxf4 24. Bxf4 Bxf4 25. Kh1 Nac7 26. Rg1 Ng7 27. Rg2 Re8 28. Ng1 Qf5 29. Nc5 b6 30. e4 Qf7 31. Nb3 Nh5 32. e5 Ne6 33. d4 Neg7 34. Qe2 Re6 35. Rf1 Nf5 36. Qg4 Kh7 37. Qd1 Nh4 38. Qd3+ Kh8 39. Rg4 Nf5 40. Nf3 Nhg7 41. Rfg1 Ne7 42. a4 Qh5 43. a5 Qh3 44. R4g2 Nef5 45. Qd1 Rg6 46. Rg4 Ne6 47. Qd3 Bxh2 48. R1g2 Bg3+ 49. Nh2 Nf4 50. R2xg3 Nxd3 51. Rxh3 Nxf2+ 52. Kg2 Nxh3 53. Kxh3 h5 54. Rg1 g4+ 55. Kg2 h4 56. Nf1 Kh7 57. Kf2 g3+ 58. Kf3 Kh6 59. Ne3 Nxe3 60. Kxe3 g2 61. Nd2 h3 62. Nf3 Rg3 63. Kf2 Rxf3+ 64. Kxf3 h2 65. Kxg2 hxg1Q+ 66. Kxg1 bxa5 67. bxa5 1/2-1/2

[Event "CRO-chT2 Center 22nd"]
[Site "Sisak"]
[Date "2013.10.13"]
[Round "9.4"]
[White "Havas, Ladislav"]
[Black "Buric, Zdenko"]
[Result "1-0"]
[WhiteElo "2241"]
[BlackElo "2159"]
[PlyCount "75"]
[EventDate "2013.04.14"]
[EventType "team-tourn"]
[EventRounds "11"]
[EventCountry "CRO"]
[SourceTitle "EXT 2016"]
[Source "ChessBase"]
[SourceDate "2015.10.08"]
[SourceVersion "1"]
[SourceVersionDate "2015.10.08"]
[SourceQuality "1"]

1. d4 Nf6 2. c4 g6 3. Nc3 Bg7 4. e4 0-0 5. f3 d6 6. Bg5 c5 7. d5 e6 8. Qd2 e5 9. Bd3 Nbd7 10. Nh3 a6 11. Nf2 Qa5 12. 0-0 Re8 13. a3 Qc7 14. b4 b6 15. Rab1 Rb8 16. Rfc1 Nf8 17. Be3 Kh8 18. Bf1 Ng8 19. Nd3 f5 20. a4 Nd7 21. a5 Bf8 22. axb6 Nxb6 23. Qa2 Nd7 24. bxc5 dxc5 25. Rxb8 Nxb8 26. Qf2 Nd7 27. Na4 fxe4 28. Ndxc5 Nxc5 29. Nxc5 exf3 30. gxf3 Nh6 31. Ne4 Nf5 32. Bb6 Qf7 33. Rd1 Bb7 34. Ng5 Qd7 35. Be2 Bh6 36. Ne6 Rb8 37. Kh1 Ba8 38. Bc7 1-0

[Event "CRO-chT2 Center 22nd"]
[Site "Sisak"]
[Date "2013.04.28"]
[Round "6.2"]
[White "Buric, Zdenko"]
[Black "Martic, Josip"]
[Result "1/2-1/2"]
[WhiteElo "2159"]
[BlackElo "2060"]
[PlyCount "32"]
[EventDate "2013.04.14"]
[EventType "team-tourn"]
[EventRounds "11"]
[EventCountry "CRO"]
[SourceTitle "EXT 2016"]
[Source "ChessBase"]
[SourceDate "2015.10.08"]
[SourceVersion "1"]
[SourceVersionDate "2015.10.08"]
[SourceQuality "1"]

1. Nf3 d6 2. g3 Nf6 3. Bg2 g6 4. 0-0 Bg7 5. d4 0-0 6. c4 Nbd7 7. Nc3 e5 8. e4 h6 9. h3 c6 10. Be3 Qe7 11. Qd2 Kh7 12. Rad1 Rd8 13. dxe5 dxe5 14. c5 Re8 15. b4 b6 16. cxb6 axb6 1/2-1/2

[Event "CRO-chT2 Center"]
[Site "Zagreb"]
[Date "2012.10.21"]
[Round "9.25"]
[White "Matko, Ognjen"]
[Black "Buric, Zdenko"]
[Result "1-0"]
[WhiteElo "2246"]
[BlackElo "2174"]
[PlyCount "82"]
[EventDate "2012.03.18"]
[EventType "team-swiss"]
[EventRounds "11"]
[EventCountry "CRO"]
[SourceTitle "EXT 2019"]
[Source "ChessBase"]
[SourceDate "2018.10.10"]
[SourceVersion "1"]
[SourceVersionDate "2018.10.10"]
[SourceQuality "1"]

1. d4 Nf6 2. c4 g6 3. Nc3 d5 4. Nf3 Bg7 5. Qb3 dxc4 6. Qxc4 0-0 7. e4 c6 8. Be2 Nbd7 9. Qb3 Nb6 10. 0-0 Be6 11. Qc2 Bc4 12. Rd1 Bxe2 13. Qxe2 Qc7 14. Bg5 Nbd7 15. e5 Nd5 16. Nxd5 cxd5 17. Bxe7 Rfe8 18. Ba3 Rac8 19. h4 a6 20. Qe3 Qb6 21. Qf4 f6 22. Re1 fxe5 23. Nxe5 Nxe5 24. dxe5 Rc4 25. Qf3 Qe6 26. Bd6 Rxh4 27. Rad1 Re4 28. Rxe4 dxe4 29. Qxe4 b5 30. Re1 Qxa2 31. Qc6 Qe6 32. Qxa6 b4 33. Qb5 b3 34. Re3 Bh6 35. Rxb3 Bf4 36. Qb4 Qd5 37. g3 Qd1+ 38. Kh2 Qh5+ 39. Kg2 Bxe5 40. Re3 Kf7 41. Qc4+ Kf6 1-0

[Event "CRO-chT2 Center"]
[Site "Zagreb"]
[Date "2012.03.25"]
[Round "3.35"]
[White "Buric, Zdenko"]
[Black "Komljenovic, Tihomir"]
[Result "1/2-1/2"]
[WhiteElo "2174"]
[BlackElo "2068"]
[PlyCount "53"]
[EventDate "2012.03.18"]
[EventType "team-swiss"]
[EventRounds "11"]
[EventCountry "CRO"]
[SourceTitle "EXT 2014"]
[Source "ChessBase"]
[SourceDate "2013.11.20"]
[SourceVersion "1"]
[SourceVersionDate "2013.11.20"]
[SourceQuality "1"]

1. Nf3 Nf6 2. d4 g6 3. g3 Bg7 4. c4 0-0 5. Nc3 d5 6. cxd5 Nxd5 7. Bg2 Nxc3 8. bxc3 c5 9. 0-0 Nc6 10. e3 Be6 11. Ba3 cxd4 12. cxd4 Qa5 13. Qc1 Rac8 14. Qb2 Rfd8 15. Rfc1 Rd5 16. Rc3 Rb5 17. Qc1 Rd8 18. Bc5 Qc7 19. Bxa7 Ra8 20. Bc5 Rxa2 21. Bf1 Rxa1 22. Qxa1 Ra5 23. Qc1 Bd5 24. Bg2 Qd7 25. Ra3 Rxa3 26. Qxa3 h6 27. Qb2 1/2-1/2

[Event "CRO-chT2 Center"]
[Site "Zagreb"]
[Date "2012.03.18"]
[Round "2.46"]
[White "Buric, Zdenko"]
[Black "Dejanovic, Mladen"]
[Result "1-0"]
[WhiteElo "2174"]
[BlackElo "2151"]
[PlyCount "57"]
[EventDate "2012.03.18"]
[EventType "team-swiss"]
[EventRounds "11"]
[EventCountry "CRO"]
[SourceTitle "EXT 2014"]
[Source "ChessBase"]
[SourceDate "2013.11.20"]
[SourceVersion "1"]
[SourceVersionDate "2013.11.20"]
[SourceQuality "1"]

1. d4 d5 2. Nf3 Nf6 3. e3 c6 4. Bd3 Bg4 5. Nbd2 Nbd7 6. h3 Bh5 7. g4 Bg6 8. Qe2 e6 9. e4 dxe4 10. Nxe4 Nxe4 11. Bxe4 Qc7 12. Bg5 Bd6 13. Bxg6 hxg6 14. 0-0-0 Rc8 15. Kb1 c5 16. d5 e5 17. Nxe5 Nxe5 18. f4 0-0 19. fxe5 Bxe5 20. h4 Rfe8 21. Qf3 c4 22. h5 Bxb2 23. hxg6 fxg6 24. d6 Qd7 25. Qd5+ Re6 26. Rhe1 Rce8 27. Rxe6 Rxe6 28. Re1 Kf7 29. Kxb2 1-0

[Event "CRO-chT2 Center"]
[Site "Zagreb"]
[Date "2012.03.18"]
[Round "1.46"]
[White "Horvat, David"]
[Black "Buric, Zdenko"]
[Result "1-0"]
[WhiteElo "2156"]
[BlackElo "2174"]
[PlyCount "73"]
[EventDate "2012.03.18"]
[EventType "team-swiss"]
[EventRounds "11"]
[EventCountry "CRO"]
[SourceTitle "EXT 2014"]
[Source "ChessBase"]
[SourceDate "2013.11.20"]
[SourceVersion "1"]
[SourceVersionDate "2013.11.20"]
[SourceQuality "1"]

1. e4 e5 2. Nf3 Nc6 3. d4 exd4 4. Nxd4 g6 5. Nc3 Bg7 6. Be3 Nge7 7. Qd2 0-0 8. h4 d5 9. Nxc6 bxc6 10. 0-0-0 Be6 11. Bc5 Re8 12. h5 f5 13. hxg6 Nxg6 14. exd5 Bf7 15. Bd4 Bxd4 16. Qxd4 Qg5+ 17. Kb1 Rad8 18. Bc4 a5 19. d6 Rd7 20. Bxf7+ Rxf7 21. dxc7 Rxc7 22. Qc4+ Kg7 23. Nd5 Ne5 24. Qc3 Rb7 25. f4 Qg4 26. fxe5 cxd5 27. e6+ Kg8 28. Qc6 Reb8 29. b3 a4 30. Qxd5 Rb5 31. Qf3 Qg6 32. Rhe1 axb3 33. axb3 Qf6 34. e7 Re8 35. Qe3 Rb7 36. Qg3+ Kh8 37. Rd8 1-0

[Event "CRO-chT3 Center-A"]
[Site "Zagreb"]
[Date "2011.04.03"]
[Round "4.46"]
[White "Buric, Zdenko"]
[Black "Ryznar, Vladimir"]
[Result "0-1"]
[WhiteElo "2146"]
[BlackElo "2108"]
[PlyCount "102"]
[EventDate "2011.03.13"]
[EventType "team-tourn"]
[EventRounds "11"]
[EventCountry "CRO"]
[SourceTitle "EXT 2014"]
[Source "ChessBase"]
[SourceDate "2013.11.20"]
[SourceVersion "1"]
[SourceVersionDate "2013.11.20"]
[SourceQuality "1"]

1. c4 c5 2. Nf3 Nc6 3. d4 cxd4 4. Nxd4 g6 5. Nc3 Bg7 6. Be3 Nf6 7. h3 0-0 8. g3 d5 9. Nxc6 bxc6 10. Bg2 e6 11. 0-0 Qa5 12. a3 Ba6 13. b4 Qc7 14. cxd5 Nxd5 15. Nxd5 cxd5 16. Rc1 Bc4 17. Qd2 Rfc8 18. Bc5 Bb5 19. Rfe1 f5 20. e3 Qd7 21. Bd4 a6 22. Qb2 Rab8 23. f4 Bc4 24. Bf1 Bxd4 25. Qxd4 Bxf1 26. Rxf1 Rb7 27. Rc5 Rxc5 28. bxc5 Qc6 29. Rc1 Rb3 30. g4 fxg4 31. hxg4 Rb7 32. Kf2 a5 33. Qe5 a4 34. Qf6 Rb8 35. Qe5 Rb7 36. Rc2 h6 37. Qf6 Rg7 38. Kg3 g5 39. Qd8+ Kh7 40. fxg5 Rxg5 41. Qd6 Qe8 42. Rf2 h5 43. Rf4 Qg8 44. Qe7+ Kh6 45. Rf6+ Rg6 46. g5+ Kxg5 47. Rxg6+ Kxg6 48. c6 Kf5+ 49. Kf2 d4 50. Qc5+ e5 51. Qc2+ e4 0-1

[Event "CRO-chT3 Center-A"]
[Site "Zagreb"]
[Date "2011.04.03"]
[Round "5.36"]
[White "Kruljac, Petra"]
[Black "Buric, Zdenko"]
[Result "0-1"]
[WhiteElo "2073"]
[BlackElo "2146"]
[PlyCount "92"]
[EventDate "2011.03.13"]
[EventType "team-tourn"]
[EventRounds "11"]
[EventCountry "CRO"]
[SourceTitle "EXT 2014"]
[Source "ChessBase"]
[SourceDate "2013.11.20"]
[SourceVersion "1"]
[SourceVersionDate "2013.11.20"]
[SourceQuality "1"]

1. d4 Nf6 2. c4 e6 3. Nc3 Bb4 4. Qc2 c5 5. dxc5 Bxc5 6. Nf3 Qb6 7. e3 Nc6 8. Be2 0-0 9. 0-0 Be7 10. Rd1 d5 11. cxd5 exd5 12. Nd4 Nxd4 13. Rxd4 Be6 14. Bf3 Rfd8 15. Qd1 Rac8 16. Bd2 Rc4 17. Qb3 Qxb3 18. axb3 Rxd4 19. exd4 a6 20. Rc1 Ne4 21. Be3 f5 22. Na4 Bd6 23. g3 Kf7 24. Nb6 h6 25. h4 Ke7 26. b4 Rf8 27. Bg2 Ke8 28. Bf1 Bxb4 29. Bf4 Bd6 30. Bxd6 Nxd6 31. Re1 Rf6 32. Re5 Nf7 33. Re1 Ke7 34. Na4 Nd8 35. Nc5 Kd6 36. Bg2 Bf7 37. Bh3 a5 38. Re3 b6 39. Na4 f4 40. Rc3 Nc6 41. Nxb6 Nxd4 42. Nc8+ Ke5 43. Rc7 Nf3+ 44. Kg2 fxg3 45. Re7+ Kd4 46. Kxg3 Nd2 0-1

[Event "CRO-chT3 Center-A"]
[Site "Zagreb"]
[Date "2011.03.27"]
[Round "3.46"]
[White "Mitrovic, Milivoj"]
[Black "Buric, Zdenko"]
[Result "0-1"]
[WhiteElo "1996"]
[BlackElo "2146"]
[PlyCount "86"]
[EventDate "2011.03.13"]
[EventType "team-tourn"]
[EventRounds "11"]
[EventCountry "CRO"]
[SourceTitle "EXT 2014"]
[Source "ChessBase"]
[SourceDate "2013.11.20"]
[SourceVersion "1"]
[SourceVersionDate "2013.11.20"]
[SourceQuality "1"]

1. e4 c5 2. Nc3 a6 3. a4 Nc6 4. g3 Nf6 5. Bg2 e6 6. f4 d5 7. e5 Nd7 8. Nf3 Be7 9. 0-0 g6 10. h4 h5 11. d3 b6 12. Ne2 Bb7 13. c3 Qc7 14. Bd2 a5 15. d4 Ba6 16. Rf2 c4 17. Ng5 b5 18. f5 gxf5 19. Nf4 Bxg5 20. hxg5 Ne7 21. Nxh5 0-0-0 22. axb5 Bxb5 23. b3 cxb3 24. c4 Bxc4 25. Bxa5 Nb6 26. Nf6 Nc6 27. Bc3 Kb7 28. g4 fxg4 29. Qxg4 Bd3 30. Qd1 Bc2 31. Qf1 Ra8 32. Qb5 Rxa1+ 33. Bxa1 Ra8 34. Bc3 Rd8 35. Bf1 Ra8 36. Bg2 Na7 37. Qb4 Rc8 38. Nxd5 exd5 39. Bxd5+ Nc6 40. Rf6 Qd7 41. Rxf7 Qxf7 42. Qxb6+ Kxb6 43. Bxf7 Nxe5 0-1

[Event "CRO-chT3A Center"]
[Site "Zagreb"]
[Date "2010.04.25"]
[Round "5.35"]
[White "Livaic, Damir"]
[Black "Buric, Zdenko"]
[Result "0-1"]
[WhiteElo "2059"]
[BlackElo "2083"]
[PlyCount "120"]
[EventDate "2010.03.21"]
[EventType "team-tourn"]
[EventRounds "11"]
[EventCountry "CRO"]
[SourceTitle "EXT 2012"]
[Source "ChessBase"]
[SourceDate "2011.11.24"]
[SourceVersion "1"]
[SourceVersionDate "2011.11.24"]
[SourceQuality "1"]

1. d4 Nf6 2. c4 g6 3. Nc3 d5 4. cxd5 Nxd5 5. e4 Nxc3 6. bxc3 Bg7 7. Be3 0-0 8. Bc4 c5 9. Ne2 Nc6 10. 0-0 Qc7 11. Rc1 Rd8 12. Nf4 e6 13. d5 Na5 14. Be2 b6 15. Qa4 e5 16. Nd3 Bd7 17. Qc2 f5 18. exf5 gxf5 19. Bg5 Rf8 20. f4 e4 21. Nb2 Qd6 22. c4 Nb7 23. Nd1 h6 24. Bh4 Bf6 25. Bf2 Rae8 26. Qb3 Re7 27. Qa3 Qb8 28. Be3 Nd6 29. Rb1 Qc7 30. Nc3 Rg7 31. Kh1 Kh7 32. Rbd1 Be8 33. g3 h5 34. Rg1 Rfg8 35. Nb5 Nxb5 36. cxb5 Qd6 37. Qa6 Kh8 38. a4 Bd7 39. Qxa7 Bxb5 40. Qxg7+ Rxg7 41. Bxb5 h4 42. Bc6 Kg8 43. gxh4 Bxh4 44. Rxg7+ Kxg7 45. Rb1 Bd8 46. a5 bxa5 47. Rb7+ Kf8 48. Rd7 Qf6 49. Bxc5+ Kg8 50. Bg1 Be7 51. Ra7 Bb4 52. Bd7 Qa1 53. Be6+ Kh8 54. Kg2 Qc3 55. Bf2 Qf3+ 56. Kg1 e3 57. Bh4 Qg4+ 58. Bg3 e2 59. Ra8+ Kh7 60. Ra7+ Kh6 0-1

[Event "CRO-chT3A Center"]
[Site "Zagreb"]
[Date "2010.03.21"]
[Round "1.15"]
[White "Buric, Zdenko"]
[Black "Dejanovic, Mladen"]
[Result "1-0"]
[WhiteElo "2083"]
[BlackElo "2065"]
[PlyCount "61"]
[EventDate "2010.03.21"]
[EventType "team-tourn"]
[EventRounds "11"]
[EventCountry "CRO"]
[SourceTitle "EXT 2012"]
[Source "ChessBase"]
[SourceDate "2011.11.24"]
[SourceVersion "1"]
[SourceVersionDate "2011.11.24"]
[SourceQuality "1"]

1. c4 c6 2. d4 d5 3. Nc3 Nf6 4. Nf3 Bf5 5. Qb3 b6 6. cxd5 Nxd5 7. Ne5 e6 8. Bd2 Bd6 9. e4 Nxc3 10. exf5 Ne4 11. Nxf7 Kxf7 12. Qxe6+ Kf8 13. Qxe4 Qe7 14. Bd3 Nd7 15. 0-0 Rc8 16. Rac1 Nf6 17. Qf3 Qc7 18. g3 h5 19. Ba6 Rd8 20. Qxc6 Qxc6 21. Rxc6 h4 22. Rxd6 Rxd6 23. Bb4 Ke7 24. Re1+ Kd7 25. Bb5+ Rc6 26. Re6 Rhc8 27. Rxf6 gxf6 28. d5 Kc7 29. Bxc6 h3 30. Be7 a6 31. f3 1-0